...

NIRU LIBRARY

Roads to regionalism : (Record no. 18)

MARC details
000 -LEADER
fixed length control field 01087cam a22003014a 4500
001 - CONTROL NUMBER
control field 16949757
003 - CONTROL NUMBER IDENTIFIER
control field OSt
005 - DATE AND TIME OF LATEST TRANSACTION
control field 20230622112513.0
008 - FIXED-LENGTH DATA ELEMENTS--GENERAL INFORMATION
fixed length control field 110907s2012 vtu b 001 0 eng
010 ## - LIBRARY OF CONGRESS CONTROL NUMBER
LC control number 2011036971
020 ## - INTERNATIONAL STANDARD BOOK NUMBER
International Standard Book Number 9781409434641 (hbk. : alk. paper)
020 ## - INTERNATIONAL STANDARD BOOK NUMBER
International Standard Book Number 97811338279001
040 ## - CATALOGING SOURCE
Original cataloging agency DLC
Transcribing agency NIRUC
Modifying agency DLC
042 ## - AUTHENTICATION CODE
Authentication code pcc
050 00 - LIBRARY OF CONGRESS CALL NUMBER
Classification number JZ5330
Item number .R63 2012
082 00 - DEWEY DECIMAL CLASSIFICATION NUMBER
Classification number 341.24
Edition number 23
100 ## - MAIN ENTRY--PERSONAL NAME
Personal name Borzel, Tanja A.
Dates associated with a name 2012
245 00 - TITLE STATEMENT
Title Roads to regionalism :
Remainder of title genesis, design, and effects of regional organizations /
Statement of responsibility, etc. edited by Tanja A. Börzel ... [et al.].
260 ## - PUBLICATION, DISTRIBUTION, ETC.
Place of publication, distribution, etc. New York, NY :
Name of publisher, distributor, etc. Routledge Taylor and Francis Group,
Date of publication, distribution, etc. 2016.
300 ## - PHYSICAL DESCRIPTION
Extent xviii, 272 p. ;
Dimensions 24 cm.
490 0# - SERIES STATEMENT
Series statement The international political economy of new regionalisms series
504 ## - BIBLIOGRAPHY, ETC. NOTE
Bibliography, etc. note Includes bibliographical references and index.
650 #0 - SUBJECT ADDED ENTRY--TOPICAL TERM
Topical term or geographic name entry element Regionalism (International organization)
650 #0 - SUBJECT ADDED ENTRY--TOPICAL TERM
Topical term or geographic name entry element Regionalism (International organization)
Form subdivision Case studies.
700 1# - ADDED ENTRY--PERSONAL NAME
Personal name Börzel, Tanja A. [et al] ...
906 ## - LOCAL DATA ELEMENT F, LDF (RLIN)
a 7
b cbc
c orignew
d 1
e ecip
f 20
g y-gencatlg
942 ## - ADDED ENTRY ELEMENTS (KOHA)
Source of classification or shelving scheme Library of Congress Classification
Koha item type Books
Suppress in OPAC No
Holdings
Withdrawn status Lost status Source of classification or shelving scheme Damaged status Not for loan Home library Current library Shelving location Date acquired Total checkouts Full call number Barcode Date last seen Price effective from Koha item type
    Library of Congress Classification     NIRU LIBRARY NIRU LIBRARY On display 06/20/2023   JZ5330.R63 2012 2023-0026 06/20/2023 06/20/2023 Books
    Library of Congress Classification     NIRU LIBRARY NIRU LIBRARY On display 06/20/2023   JZ5330.R63 2012 2023-0028 06/20/2023 06/20/2023 Books
    Library of Congress Classification     NIRU LIBRARY NIRU LIBRARY On display 06/22/2023   JZ5330.R63 2012 2023-0329 06/22/2023 06/22/2023 Books
Copyright © 2025&6. National Intelligence and Research University. All Rights Reserved.